000 01047nam a2200265 i 4500
001 bg
245 0 0 _aKatalog nakładów rzeczowych nr 2-33, Konstrukcje mostowe /
_cMinisterstwo Gospodarki Przestrzennej i Budownictwa, zaktualiz. w Instytucie Gospodarki Mieszkaniowej.
254 _aKNR 2-33
260 _aWarszawa :
_bIGM,
_c1999.
300 _a230 s. ;
_crys. +
_e16 x 23 cm.
500 _aNiniejsze wyd. uwzględnia zmiany podane w Biuletynach Informacyjnych do nr 9/96. W nakadach rzeczowych robocizny uwzględniono współczynnik 0,955.
650 9 _aMosty
_xkonstrukcje
650 9 _aCeny
_xbudownictwo
650 9 _aKalkulacja kosztów
_xbudownictwo
710 0 _aMinisterstwo Gospodarki Przestrzennej i Budownictwa
710 0 _aInstytut Gospodarki Mieszkaniowej
020 _a8386451327
040 _cBPK
041 0 _apl
080 _a624.2/.8:69.003.12:338.5](083.1)
920 _a83-86451-32-7
942 _cKA
008 s pl f |000 0 pol
999 _c24316
_d24316
856 _uhttp://koha.tu.koszalin.pl/cgi-bin/koha/opac-detail.pl?biblionumber=24316
_yKatalog online BPK